000
00344nam a22001337a 4500
008
170807b xxu||||| |||| 00| 0 eng d
020
_a
290 0538 7297 95
041
_a
eng
080
_a
004
100
_a
33
101
_a
SHK
245
_a
FORMATTING & DOCUMENT PROCESSING
_c
VANHUSS,S.H
942
_2
udc
_c
BK
999
_c
22797
_d
22797